00489 2200181 4500245004600000020002200046250001100068100001700079700001900096700001900115650002100134005001900155260007600174041001400250084001000264300002400274336000900298 aManikantan Sudah MuakcFiny MarsyahhText a978-623-112-301-5 aCet. 1 aFiny Marsyah aJoni syahputra aGilang Permadi aCerita Bergambar a20241001130443 aJakartabKementerian Pendidikan, Kebudayaan, Riset, dan Teknologic2023 aIndonesia a741.5 a32 hlm :c21 cm pdf atext